[Event "Tatarstan-ch op"]
[Site "Kazan"]
[Date "2008.08.28"]
[Round "8"]
[White "Pushkin, Eduard"]
[Black "Bashkirov, Aleksey"]
[Result "1/2-1/2"]
[WhiteElo "2216"]
[BlackElo "2131"]
[PlyCount "116"]
[EventDate "2008.08.21"]
[EventType "swiss"]
[EventRounds "9"]
[EventCountry "RUS"]
[SourceTitle "EXT 2010"]
[Source "ChessBase"]
[SourceDate "2010.11.25"]
[SourceVersion "1"]
[SourceVersionDate "2010.11.25"]
[SourceQuality "1"]

1. c4 Nf6 2. Nc3 g6 3. g3 Bg7 4. Bg2 0-0 5. e3 d6 6. Nge2 Nc6 7. 0-0 e5 8. d3 Nh5 9. Nd5 a5 10. Rb1 f5 11. a3 Nb8 12. Bd2 c6 13. Ndc3 Be6 14. b4 axb4 15. axb4 Nd7 16. b5 Qc7 17. Qc2 g5 18. f4 gxf4 19. exf4 Nc5 20. Be3 Nd7 21. Rfc1 Nhf6 22. bxc6 bxc6 23. Kh1 Bh6 24. Qd2 Ng4 25. Bg1 Kh8 26. h3 Ngf6 27. Be3 Bg7 28. Nd5 Bxd5 29. cxd5 c5 30. fxe5 Nxe5 31. d4 Ned7 32. dxc5 dxc5 33. d6 Qa5 34. Qxa5 Rxa5 35. Nc3 Re8 36. Bd2 Nh5 37. Bc6 Ra7 38. Kg2 Rd8 39. Bxd7 Raxd7 40. Nb5 Be5 41. Bc3 Bg7 42. Bxg7+ Rxg7 43. Rb3 Rdg8 44. Rxc5 Nxg3 45. Kf3 Ne4 46. Rcc3 Nxc3 47. Rxc3 Rg3+ 48. Kf4 Rxc3 49. Nxc3 Kg7 50. Kxf5 Kf7 51. Ne4 h6 52. h4 Rg2 53. d7 Ke7 54. Nf6 Rf2+ 55. Ke5 Rh2 56. Ng8+ Kxd7 57. Nxh6 Rxh4 58. Nf5 Rh1 1/2-1/2

[Event "Tatarstan-ch op"]
[Site "Kazan"]
[Date "2008.08.27"]
[Round "7"]
[White "Bashkirov, Aleksey"]
[Black "Tukhvatullin, Timur"]
[Result "1-0"]
[WhiteElo "2131"]
[BlackElo "2226"]
[PlyCount "61"]
[EventDate "2008.08.21"]
[EventType "swiss"]
[EventRounds "9"]
[EventCountry "RUS"]
[SourceTitle "EXT 2010"]
[Source "ChessBase"]
[SourceDate "2010.11.25"]
[SourceVersion "1"]
[SourceVersionDate "2010.11.25"]
[SourceQuality "1"]

1. d4 Nf6 2. c4 c5 3. d5 e6 4. Nc3 exd5 5. cxd5 d6 6. Nf3 g6 7. e4 Bg7 8. Bb5+ Nbd7 9. a4 0-0 10. 0-0 a6 11. Be2 Re8 12. Nd2 Qc7 13. Qc2 Rb8 14. h3 b6 15. b3 Bb7 16. Bb2 g5 17. Rae1 Ne5 18. Nd1 Nfd7 19. Ne3 Nf8 20. Nf5 Bf6 21. g3 Nfg6 22. Nc4 Be7 23. f4 gxf4 24. gxf4 Nxc4 25. Bxc4 Bc8 26. Nh6+ Kf8 27. Qc3 f6 28. f5 Kg7 29. Qe3 Ne5 30. Qg3+ Kxh6 31. Bc1+ 1-0

[Event "Tatarstan-ch op"]
[Site "Kazan"]
[Date "2008.08.21"]
[Round "1"]
[White "Sharafiev, Azat"]
[Black "Bashkirov, Aleksey"]
[Result "1-0"]
[WhiteElo "2418"]
[BlackElo "2131"]
[PlyCount "29"]
[EventDate "2008.08.21"]
[EventType "swiss"]
[EventRounds "9"]
[EventCountry "RUS"]
[SourceTitle "EXT 2010"]
[Source "ChessBase"]
[SourceDate "2010.11.25"]
[SourceVersion "1"]
[SourceVersionDate "2010.11.25"]
[SourceQuality "1"]

1. e4 c5 2. Nf3 d6 3. d4 cxd4 4. Nxd4 Nf6 5. Nc3 a6 6. Bc4 e6 7. Bb3 b5 8. Qf3 Qc7 9. Bg5 Be7 10. 0-0-0 h6 11. Bxf6 Bxf6 12. e5 Bxe5 13. Qxa8 Bxd4 14. Rxd4 Nc6 15. Rxd6 1-0

[Event "Kazan City-ch"]
[Site "Kazan"]
[Date "2007.12.08"]
[Round "8"]
[White "Bashkirov, Aleksey"]
[Black "Bitkinin, Lenar"]
[Result "1-0"]
[WhiteElo "2160"]
[BlackElo "2117"]
[PlyCount "85"]
[EventDate "2007.11.24"]
[EventType "swiss"]
[EventRounds "11"]
[EventCountry "RUS"]
[SourceTitle "EXT 2009"]
[Source "ChessBase"]
[SourceDate "2008.11.26"]
[SourceVersion "1"]
[SourceVersionDate "2008.11.26"]
[SourceQuality "1"]

1. c4 Nf6 2. Nf3 e6 3. Nc3 b6 4. g3 Bb7 5. Bg2 Be7 6. 0-0 0-0 7. d4 Ne4 8. Qc2 Nxc3 9. bxc3 f5 10. d5 Na6 11. Rd1 Qc8 12. Nd4 Nc5 13. Ba3 c6 14. dxc6 dxc6 15. Nb3 Nxb3 16. axb3 c5 17. Bxb7 Qxb7 18. Rd2 f4 19. Rad1 fxg3 20. hxg3 Rf7 21. Rd7 Qc6 22. Bc1 Raf8 23. Be3 a5 24. f3 h5 25. Bf2 e5 26. R1d5 h4 27. gxh4 Qe6 28. Qe4 Rf4 29. Qxe5 Qg6+ 30. Kf1 Bxh4 31. Bxh4 Rxh4 32. Qg5 Rh1+ 33. Kg2 Rh6 34. Qxg6 Rxg6+ 35. Kf2 Rh6 36. Re7 Rh1 37. Rdd7 Rb8 38. Rxg7+ Kh8 39. Rb7 Rxb7 40. Rxb7 Rb1 41. Rxb6 a4 42. b4 a3 43. Ra6 1-0

[Event "Kazan City-ch"]
[Site "Kazan"]
[Date "2007.12.06"]
[Round "7"]
[White "Bashkirov, Aleksey"]
[Black "Sadykov, Ramil"]
[Result "0-1"]
[WhiteElo "2160"]
[BlackElo "2133"]
[PlyCount "80"]
[EventDate "2007.11.24"]
[EventType "swiss"]
[EventRounds "11"]
[EventCountry "RUS"]
[SourceTitle "EXT 2009"]
[Source "ChessBase"]
[SourceDate "2008.11.26"]
[SourceVersion "1"]
[SourceVersionDate "2008.11.26"]
[SourceQuality "1"]

1. d4 f5 2. c4 Nf6 3. Nf3 e6 4. g3 d5 5. Bg2 c6 6. Nbd2 Bd6 7. 0-0 0-0 8. b3 Bd7 9. Bb2 Be8 10. Ne5 Ne4 11. Nxe4 fxe4 12. f3 Bxe5 13. dxe5 exf3 14. Bxf3 Qb6+ 15. Kh1 dxc4 16. Qd6 c5 17. Bg4 Qxd6 18. exd6 Rxf1+ 19. Rxf1 Bd7 20. bxc4 Nc6 21. Bc3 b6 22. Kg2 a6 23. Bf3 b5 24. Be4 Rd8 25. h4 bxc4 26. Kh2 Nb4 27. Rb1 Bb5 28. Bxb4 cxb4 29. Rxb4 c3 30. Rb3 Rxd6 31. Rxc3 Rd2 32. Rc8+ Kf7 33. Kh3 Rxe2 34. Bxh7 Rxa2 35. h5 Kf6 36. Bg6 Bf1+ 37. Kg4 Be2+ 38. Kh4 Ra4+ 39. Kh3 Bg4+ 40. Kg2 Ra2+ 0-1

[Event "Tatarstan-ch op"]
[Site "Kazan"]
[Date "2007.08.22"]
[Round "3"]
[White "Pavlov, Denis"]
[Black "Bashkirov, Aleksey"]
[Result "1-0"]
[WhiteElo "2313"]
[BlackElo "2158"]
[PlyCount "103"]
[EventDate "2007.08.20"]
[EventType "swiss"]
[EventRounds "9"]
[EventCountry "RUS"]
[SourceTitle "EXT 2009"]
[Source "ChessBase"]
[SourceDate "2008.11.26"]
[SourceVersion "1"]
[SourceVersionDate "2008.11.26"]
[SourceQuality "1"]

1. c4 Nf6 2. Nc3 g6 3. e4 d6 4. d4 Bg7 5. f3 0-0 6. Be3 Nc6 7. Nge2 a6 8. Qd2 Rb8 9. Nc1 e5 10. Nb3 exd4 11. Nxd4 Nxd4 12. Bxd4 Be6 13. Be2 c6 14. 0-0 b5 15. cxb5 axb5 16. Rfd1 b4 17. Na4 Qa5 18. b3 c5 19. Be3 Rfd8 20. Rac1 Bd7 21. Bc4 Bxa4 22. bxa4 Qxa4 23. e5 dxe5 24. Qxd8+ Rxd8 25. Rxd8+ Bf8 26. Bxc5 Ne8 27. Bb3 Qb5 28. Bf2 Nd6 29. Rd1 Kg7 30. Rxf8 Kxf8 31. Rxd6 f5 32. Rd5 Qe2 33. Bc5+ Ke8 34. Bxb4 Qe3+ 35. Kh1 e4 36. Rd1 h5 37. fxe4 fxe4 38. Re1 Qd3 39. Bc5 g5 40. Bg1 Ke7 41. Re3 Qb1 42. a4 Kd6 43. Bc4 Qc2 44. Bb5 g4 45. a5 Qb1 46. Be2 Kd5 47. a6 Qa1 48. a7 h4 49. Bxg4 Qa2 50. Bf5 Ke5 51. Rxe4+ Kxf5 52. Re8 1-0

[Event "Tatarstan-ch op"]
[Site "Kazan"]
[Date "2007.08.21"]
[Round "2"]
[White "Bashkirov, Aleksey"]
[Black "Solovyev, Mikhail Vladislavov"]
[Result "1-0"]
[WhiteElo "2158"]
[BlackElo "2029"]
[PlyCount "63"]
[EventDate "2007.08.20"]
[EventType "swiss"]
[EventRounds "9"]
[EventCountry "RUS"]
[SourceTitle "EXT 2009"]
[Source "ChessBase"]
[SourceDate "2008.11.26"]
[SourceVersion "1"]
[SourceVersionDate "2008.11.26"]
[SourceQuality "1"]

1. d4 Nf6 2. c4 g6 3. Nc3 Bg7 4. e4 d6 5. Nf3 0-0 6. Be2 Nc6 7. h3 e5 8. d5 Ne7 9. g4 Nd7 10. Rg1 f6 11. h4 Rf7 12. b4 a5 13. Rb1 axb4 14. Rxb4 Nc5 15. h5 Kf8 16. Be3 f5 17. gxf5 gxf5 18. Ng5 h6 19. Nxf7 Kxf7 20. Bxc5 dxc5 21. Ra4 Bd7 22. Rxa8 Qxa8 23. d6 Nc6 24. Qd5+ Be6 25. Rxg7+ Kxg7 26. Qxe6 Qa3 27. Qg6+ Kf8 28. Qxf5+ Ke8 29. Qc8+ Kf7 30. Qxc7+ Ke8 31. d7+ Kf7 32. d8Q+ 1-0

[Event "Nezhmetdinov Memorial 29th"]
[Site "Kazan"]
[Date "2007.06.03"]
[Round "3"]
[White "Novgorodskij, Vladimir"]
[Black "Bashkirov, Aleksey"]
[Result "1-0"]
[WhiteElo "2351"]
[BlackElo "2158"]
[PlyCount "69"]
[EventDate "2007.06.01"]
[EventType "swiss"]
[EventRounds "9"]
[EventCountry "RUS"]
[SourceTitle "CBM 119 Extra"]
[Source "ChessBase"]
[SourceDate "2007.09.04"]
[SourceVersion "1"]
[SourceVersionDate "2007.09.04"]
[SourceQuality "1"]

1. e4 c5 2. Nf3 d6 3. d4 cxd4 4. Nxd4 Nf6 5. Nc3 a6 6. Bg5 e6 7. f4 Be7 8. Qf3 Qc7 9. 0-0-0 Nbd7 10. g4 b5 11. Bxf6 Nxf6 12. g5 Nd7 13. a3 Bb7 14. h4 0-0-0 15. Bh3 g6 16. Bxe6 fxe6 17. Nxe6 Qc4 18. Nd5 Bxd5 19. exd5 Kb7 20. b3 Qc8 21. Rd3 Qa8 22. Nxd8+ Qxd8 23. Re1 Qf8 24. Qg4 Nb6 25. Kb1 Bd8 26. Re6 Ka7 27. Qf3 Nd7 28. Rc3 Nc5 29. Qe3 Kb7 30. Rxc5 dxc5 31. d6 Qf5 32. d7 Ka7 33. Qe5 Rf8 34. Qd6 Ba5 35. Qxa6+ 1-0

[Event "Nezhmetdinov Memorial 29th"]
[Site "Kazan"]
[Date "2007.06.01"]
[Round "1"]
[White "Isajevsky, Anton"]
[Black "Bashkirov, Aleksey"]
[Result "1-0"]
[WhiteElo "2466"]
[BlackElo "2158"]
[PlyCount "63"]
[EventDate "2007.06.01"]
[EventType "swiss"]
[EventRounds "9"]
[EventCountry "RUS"]
[SourceTitle "CBM 119 Extra"]
[Source "ChessBase"]
[SourceDate "2007.09.04"]
[SourceVersion "1"]
[SourceVersionDate "2007.09.04"]
[SourceQuality "1"]

1. e4 c5 2. Nc3 Nc6 3. Bb5 Nd4 4. Bc4 e6 5. Nge2 d6 6. Nxd4 cxd4 7. Ne2 Nf6 8. d3 Qb6 9. 0-0 Be7 10. a4 a6 11. a5 Qa7 12. Ng3 h5 13. h3 h4 14. Ne2 Nd7 15. f4 b5 16. Ba2 Bb7 17. Kh1 Qc5 18. Bd2 Nf6 19. b4 Qa7 20. Be1 e5 21. Bf2 Qb8 22. Qe1 Qc7 23. Rc1 Qd7 24. c3 d5 25. fxe5 Ng4 26. Bxd4 0-0-0 27. Bxd5 Bxd5 28. exd5 Qxd5 29. Nf4 Qb7 30. hxg4 h3 31. Qe4 hxg2+ 32. Kxg2 1-0

[Event "Muhamedzjanov Memorial"]
[Site "Kazan"]
[Date "2007.02.01"]
[Round "7"]
[White "Sitdikova, Liya"]
[Black "Bashkirov, Aleksey"]
[Result "0-1"]
[WhiteElo "2005"]
[BlackElo "2162"]
[PlyCount "58"]
[EventDate "2007.01.26"]
[EventType "swiss"]
[EventRounds "9"]
[EventCountry "RUS"]
[SourceTitle "EXT 2008"]
[Source "ChessBase"]
[SourceDate "2007.11.25"]
[SourceVersion "1"]
[SourceVersionDate "2007.11.25"]
[SourceQuality "1"]

1. Nf3 Nf6 2. g3 g6 3. Bg2 Bg7 4. 0-0 0-0 5. d3 d6 6. e4 Nc6 7. Nbd2 e5 8. a4 h6 9. Nc4 Be6 10. Nfd2 Nh5 11. Kh1 a6 12. Ne3 Qe8 13. Nb1 f5 14. exf5 gxf5 15. f4 exf4 16. gxf4 Kh7 17. Nc3 Rd8 18. Ned5 Rd7 19. Bf3 Nf6 20. Nxf6+ Bxf6 21. Ne2 Qf7 22. Ng3 Nd4 23. Bg2 Bd5 24. Be3 Bxg2+ 25. Kxg2 Qd5+ 26. Kg1 Re7 27. Bd2 Ne2+ 28. Nxe2 Rxe2 29. Qxe2 Rg8+ 0-1

[Event "Muhamedzjanov Memorial"]
[Site "Kazan"]
[Date "2007.01.28"]
[Round "3"]
[White "Gerasimov, Ivan"]
[Black "Bashkirov, Aleksey"]
[Result "1/2-1/2"]
[WhiteElo "2269"]
[BlackElo "2162"]
[PlyCount "89"]
[EventDate "2007.01.26"]
[EventType "swiss"]
[EventRounds "9"]
[EventCountry "RUS"]
[SourceTitle "EXT 2008"]
[Source "ChessBase"]
[SourceDate "2007.11.25"]
[SourceVersion "1"]
[SourceVersionDate "2007.11.25"]
[SourceQuality "1"]

1. e4 c5 2. Nf3 d6 3. Bb5+ Bd7 4. Bxd7+ Nxd7 5. 0-0 Ngf6 6. Qe2 g6 7. c3 Bg7 8. d4 e5 9. d5 0-0 10. a4 Nh5 11. g3 a6 12. a5 h6 13. Nbd2 f5 14. Nc4 Qf6 15. exf5 Qxf5 16. Nh4 Qf6 17. Qg4 g5 18. Ng2 Qf7 19. Nxd6 Qg6 20. Nxb7 Nhf6 21. Qc4 e4 22. Ne1 Ne5 23. Qe2 Nxd5 24. Nxc5 Nf6 25. f4 gxf4 26. Bxf4 Rae8 27. Rd1 Qf5 28. b4 h5 29. Ng2 Nf3+ 30. Kh1 Qh3 31. Ne3 h4 32. Nxe4 Nxe4 33. Rxf3 hxg3 34. Qg2 Qh5 35. Rd5 Qh7 36. Bxg3 Rxf3 37. Qxf3 Nxg3+ 38. Qxg3 Qe4+ 39. Kg1 Qxe3+ 40. Qxe3 Rxe3 41. b5 axb5 42. a6 Re1+ 43. Kf2 Ra1 44. Rxb5 Rxa6 45. Rc5 1/2-1/2

[Event "Kazan-ch"]
[Site "Kazan"]
[Date "2006.11.28"]
[Round "5"]
[White "Bashkirov, Aleksey"]
[Black "Lyanguzov, Oleg"]
[Result "0-1"]
[WhiteElo "2162"]
[BlackElo "2337"]
[PlyCount "31"]
[EventDate "2006.11.21"]
[EventType "swiss"]
[EventRounds "11"]
[EventCountry "RUS"]
[SourceTitle "EXT 2019"]
[Source "ChessBase"]
[SourceDate "2018.10.10"]
[SourceVersion "1"]
[SourceVersionDate "2018.10.10"]
[SourceQuality "1"]

1. d4 Nf6 2. c4 g6 3. Nc3 Bg7 4. e4 0-0 5. Nf3 d6 6. Be2 e5 7. d5 a5 8. Bg5 h6 9. Bh4 g5 10. Bg3 Nh5 11. h4 Nxg3 12. fxg3 gxh4 13. Nd2 h5 14. 0-0 Bh6 15. Bd3 c6 16. Rb1 0-1